| 000 | 00755nam a2200241 a 4500 | ||
|---|---|---|---|
| 001 | BRL_516 | ||
| 005 | 20190320210758.0 | ||
| 008 | 270813s2003----mx-a######---#000-0#spa-# | ||
| 020 | _a9687294159 | ||
| 041 | _aspa | ||
| 044 | _amx | ||
| 050 | 4 |
_aF1201 _b.B45 2003 |
|
| 100 | 1 |
_aBeláustegui, Sebastián _924163 |
|
| 245 | 1 | 0 |
_aGuardianes del tiempo _bretratos del espíritu de américa latina _cprólogo de josé saramago; fotografía de Sebastián Beláustegui. |
| 260 |
_aMéxico _bRevimundo _c2003 |
||
| 300 |
_a160 p. _bil. (algunas a color) _c32 cm. |
||
| 500 | _aAu570 | ||
| 650 | 1 | 4 |
_aIndígenas _xHistoria _924164 |
| 651 | 4 |
_aIndígenas _xVida social y costumbres _924165 |
|
| 700 | 1 |
_aSaramago, José _924166 |
|
| 902 | _aGRL | ||
| 942 |
_2lcc _cB |
||
| 999 |
_c9328 _d9328 |
||